| 000 | 00504nam a2200193 a 4500 | ||
|---|---|---|---|
| 001 | 23897 | ||
| 003 | CO-ViMGA | ||
| 008 | 141112s2004 ck r 000 u spa d | ||
| 020 | _a9789802570997 | ||
| 040 |
_aCO-ViMGA _bspa _cCO-ViMGA |
||
| 082 | 0 | 4 | _aESTe1 |
| 245 | 1 | 0 | _aEstaba el señor don gato |
| 260 |
_aVenezuela : _bekare |
||
| 300 | _a23p. | ||
| 490 | _aclave de sol | ||
| 650 | 1 | 4 |
_a2 : GATOS - CUENTOS INFANTILES _934630 |
| 650 | 1 | 4 |
_aCUNETOS INFANTILES LATINOAméricaNOS _934631 |
| 942 |
_2ddc _cBK |
||
| 999 |
_c2818 _d2818 |
||